[Event "Cappelle op 15th"]
[Site "Cappelle la Grande"]
[Date "1999.02.14"]
[Round "2"]
[White "Golod, Vitali"]
[Black "Gipslis, Aivars P"]
[Result "1-0"]
[WhiteElo "2554"]
[BlackElo "2470"]
[Annotator "Golod,V"]
[PlyCount "87"]
[EventDate "1999.02.13"]
[EventType "swiss"]
[EventRounds "9"]
[EventCountry "FRA"]
[SourceTitle "CBM 070"]
[Source "ChessBase"]
[SourceDate "1999.06.08"]
[SourceVersion "1"]
[SourceVersionDate "1999.06.08"]
[SourceQuality "1"]

1. d4 Nf6 2. c4 e6 3. Nf3 Bb4+ 4. Bd2 Qe7 5. g3 Nc6 6. Bg2 (6. Nc3) 6... Bxd2+
7. Nbxd2 d6 8. e4 (8. O-O O-O 9. e4 e5 10. d5 Nb8 11. Ne1 Bg4) 8... a5 (8...
O-O) 9. O-O e5 (9... O-O) 10. d5 Nb8 11. Ne1 (11. c5 O-O (11... dxc5 12. Nc4
O-O 13. Re1 Nbd7 14. Qd2 b6 15. Qc3 Re8 16. d6 cxd6 17. Rad1) 12. cxd6 cxd6 13.
Ne1 Na6 14. Nd3 Bd7 15. Nc4 Bb5 16. Rc1 Nd7 17. Qb3 Bxc4 18. Qxc4) (11. Qa4+
Bd7 12. Qa3 O-O 13. Ne1 c6 14. f4) 11... Bg4 (11... h5 12. h4 (12. h3) (12.
Nef3)) (11... O-O) 12. Qb3 (12. f3 Bd7 13. Nd3 (13. b3 Na6 14. a3 O-O 15. Nb1
c6 16. Nc3 Nc7 17. Nd3 cxd5 18. cxd5 Nb5) 13... O-O (13... Na6 14. f4 (14. b3
c6 15. dxc6 bxc6 16. c5 Nxc5 17. Nxc5 dxc5 18. Nc4) 14... O-O 15. Qe2 Nc5 16.
Nxc5 dxc5 17. f5 Ne8) 14. b3 Na6 15. a3 (15. Qc2 c6 16. Rfc1 cxd5 17. cxd5)
15... Nc5 16. Nb2 c6 17. b4 axb4 18. axb4 Na6 19. Qb3) 12... b6 (12... c6 13.
f4 (13. f3 Bc8 14. f4) 13... cxd5 14. cxd5 O-O 15. Rf2 a4 16. Qa3 Bd7 17. fxe5
(17. h3 Rc8 18. Nd3 exf4 19. gxf4) 17... Ng4) 13. f4 (13. Nd3 Be2 14. Rfe1 Bxd3
15. Qxd3) 13... Bd7 (13... Bc8) 14. Nd3 O-O 15. c5 (15. fxe5 dxe5 16. Qc3 (16.
Nf3 Nxe4 17. Ndxe5 (17. Nfxe5 Nd2) 17... Qc5+ 18. Kh1 Nf2+ 19. Kg1 Ng4+ 20. Kh1
Nf2+) 16... Re8 17. Rae1 (17. c5) 17... Bc8 18. Nf3 Nbd7) 15... Na6 (15... bxc5
16. fxe5 Ng4 (16... dxe5 17. Nc4) 17. e6 Bc8 (17... fxe6 18. Rxf8+ Qxf8 (18...
Kxf8 19. Qb7) 19. dxe6 a4 (19... Bc6 20. e7+ Qf7 21. e8=Q+ Bxe8 22. Qb7 Bc6 (
22... Qh5 23. h3) 23. Qc8+) 20. Qb7 Bc6 21. Qxc7) 18. Bh3) (15... exf4 16. cxd6
cxd6 17. gxf4) 16. c6 (16. cxd6 cxd6 17. fxe5 dxe5 18. Qxb6 Rfb8) 16... Bc8 (
16... Bg4 17. Rae1) 17. Qc3 (17. Rae1) 17... Ng4 18. Nf2 (18. Rae1 exf4 19.
gxf4 Nb4 20. Nc1 Ba6 21. Rf3 (21. Nc4) 21... Qh4 (21... Nxd5)) 18... Nc5 19.
Nxg4 Bxg4 20. f5 f6 (20... Be2 21. Rf2 Ba6 22. f6 gxf6 23. Qe3) 21. h3 Bh5 22.
g4 Bf7 23. Qe3 g6 24. h4 (24. fxg6) 24... gxf5 25. Rxf5 (25. gxf5 Kh8 (25...
Bh5) 26. Bf3) 25... Bg6 26. Rf3 h6 (26... h5 27. Rg3 hxg4 (27... Kh7 28. gxh5
Bxh5 29. Bh3 Bg6 30. h5) 28. Rxg4 Kh7 29. h5) 27. Qxh6 Qh7 28. Qxh7+ Bxh7 29.
Re3 (29. Re1) 29... Rf7 30. Kf2 Rg7 31. Bf3 Kf7 32. Rg1 Rag8 33. Rg3 Ke7 (33...
f5 34. exf5 Bxf5 35. gxf5 Rxg3 36. Bh5+) 34. Be2 Bg6 35. b3 Rh8 36. Rh3 Rb8 37.
Bb5 (37. a3) 37... Bh7 38. Rhg3 Rbg8 39. Be2 Rb8 (39... b5) 40. a3 b5 41. b4
Na6 42. Rb3 axb4 43. axb4 Rb6 44. Rg1 1-0

[Event "Biel MTO op"]
[Site "Biel"]
[Date "2005.07.27"]
[Round "9"]
[White "Golod, Vitali"]
[Black "Wohl, Aleksandar H"]
[Result "1/2-1/2"]
[WhiteElo "2582"]
[BlackElo "2403"]
[Annotator "Golod,V"]
[PlyCount "104"]
[EventDate "2005.07.18"]
[EventType "swiss"]
[EventRounds "11"]
[EventCountry "SUI"]
[SourceTitle "CBM 107 Extra"]
[Source "ChessBase"]
[SourceDate "2005.09.01"]
[SourceVersion "1"]
[SourceVersionDate "2005.09.01"]
[SourceQuality "1"]

1. d4 e6 2. c4 Bb4+ 3. Bd2 a5 {It was quite hard to guess which opening my
Australian opponent will choose. For example in Mega DataBase 2005 you can
find nine games he played, with the following opening: 1.d4 Na6 (!!!)} 4. Nf3
Nf6 5. g3 O-O 6. Bg2 Ne4 $6 {It's one of numerous option in this position. The
main alternatives here: 6...b6!?; 6...d6!? and 6...d5!?} 7. O-O Nxd2 ({Also
repeatedly was checked up in previous games:} 7... d5) 8. Nbxd2 Be7 {Aleksandr
decided to keep his dark square bishop, however, now is behind on the
development of his pieces.} 9. Rc1 {According to my database it's a novelty.
In previous games White chose:} (9. e4 $5 d5 10. Re1 dxc4 11. Nxc4 a4 12. Qc2
b5 13. Nce5 Ra6 14. Rac1 c6 15. Red1 $14 {Adamski,J-Piwowarczyk,P/Mikolajki,
1991(1-0)(38)}) (9. Qc2 d6 10. e4 Nd7 11. Rac1 e5 12. d5 $6 Nc5 $11 {Collins,
C-Marinelli,P/Troy,1993(1-0)(61)}) 9... d6 {Black is planning to advance "e5",
however, I would recommend a different plan to develop his pieces:} (9... b6 $5
10. Ne5 $140 Ra7 11. e3 (11. Qa4 $5) 11... d6 12. Nd3 c5 {+/=/=}) 10. Qc2 Nd7
11. Rfd1 $14 {[%csl Gd1,Rd8]} Qe8 12. Ne4 {It was necessary to decide on the
more active continuation:} (12. Qe4 $5 {><e6} Nf6 $140 13. Qf4 Bd7 14. e4 $14)
12... f5 $140 13. Nc3 {My knight stands on a very good spot, however I spent
two tempi's to put it there.} e5 14. dxe5 $6 {It was probably bad to relieve
the tension in the center.} (14. e4 $5 fxe4 15. Qxe4 (15. Nxe4 $143 Qh5 $1 {
פf3 ~~}) 15... Qf7 {[%csl Re4,Rf2][%cal Gd7f6]} (15... Nf6 16. Qe2 exd4 17.
Nxd4 $14) 16. Nd5 Bd8 17. dxe5 Nxe5 18. Nxe5 Qxf2+ 19. Kh1 dxe5 20. Qxe5 $14)
14... dxe5 15. e4 f4 $13 16. Nb5 (16. Nd5 $2 Bd8 {/\c6=/+}) 16... Bd8 17. c5
Nf6 $6 {I was relieved after this move, because I was afraid of black
transfering his "Ra8" to the kingside.} (17... Ra6 $5 {/\Raf6~~}) (17... fxg3
$5 18. hxg3 $140 Ra6 $13 (18... Nb8 $5 {(פb5); /\Nc6 ~~})) 18. c6 $1 {First,
I need to ruin my opponent's pawn structure.} fxg3 19. hxg3 bxc6 20. Qxc6 Qxc6
21. Rxc6 $14 Rb8 ({Leads to a very hard position:} 21... Bb7 $2 22. Nxe5 $1 Re8
(22... Bxc6 23. Nxc6 $16 {[%csl Yb5,Yc6,Gg2][%cal Ge4e5]}) 23. Rc5 Nxe4 (23...
Bxe4 24. Nc6 $16) 24. Nxc7 Nxc5 25. Nxe8 Bxg2 26. Kxg2 $16) 22. a4 Bg4 $6 {
Already it was necessary:} (22... Bb7 $1 {because the rook on "b8" is not
attacked by the knight on "c7" :} 23. Nxe5 (23. Rc4 $5 $14) 23... Re8 $1 (23...
Bxc6 $2 24. Nxc6 Rc8 25. e5 $18) 24. Rc5 (24. f4 $2 Rxe5 25. fxe5 Bxc6 26. exf6
Bxf6 $15) 24... Nxe4 (24... Bxe4 $2 25. Nd7 Nxd7 26. Rxd7 $16) 25. Bxe4 Bxe4
26. f4 c6 $14 {Two bishops gives Black good chances to save himself.}) 23. Rdc1
Bxf3 $2 {A very strange positional decision. Aleksandr Wolh willingly gives up
his dark square bishop.} (23... Nxe4 $6 24. Nxe5 Nxf2 25. R1c2 $5 $16 {[%csl
Rf2][%cal Gg2d5]}) (23... Nd7 $5 $14) 24. Bxf3 Ne8 {[%csl Rb2,Gb8][%cal Ye8d6]}
25. Kg2 $5 {Another interesting idea which was mentioned by Evgeny Alekseev
after the game was:} (25. Be2 $5 Nd6 $140 26. Bd3 $1 ({There is no point in
easing the kingside:} 26. f3 g5 $5 {[%csl Re4][%cal Gg5g4]}) 26... Nxb5 27.
axb5 Rb6 (27... Rf6 28. R6c5 $16) 28. Bc4+ Kh8 29. Ra1 $16) 25... Nd6 $140 26.
Nxc7 ({Also this deserves attention:} 26. R1c5 $5) 26... Bxc7 27. Rxc7 $16 Rxb2
28. Rd7 $6 {I underestimated my opponent's resources. This leads to a decisive
advantage:} (28. R1c5 $1 {קa5,Pe5} Nf7 $140 (28... Rb3 $143 29. Bd1 Rd3 (29...
Rb2 $2 30. Bc2 {קa5,Pe5}) 30. Rd5 $1 Rxd5 $140 31. Bb3 h5 32. Bxd5+ Kh7 33.
Ra7 $18) 29. Rc8 $1 (29. Rxa5 $2 Ng5 30. Rxe5 Nxf3 31. Ree7 Ne1+ 32. Kf1 (32.
Kh3 $143 Rfxf2 33. Rxg7+ Kf8 34. Rxh7 Rh2+ (34... Kg8 $5) 35. Kg4 Rxh7 36. Rxh7
Rb4 $11) 32... Rfxf2+ 33. Kxe1 Rbe2+ 34. Kd1 Rd2+ 35. Kc1 Ra2 {[%csl Rc1][%cal
Gf2f1,Ga2a1]} 36. Re8+ (36. Rxg7+ $2 Kf8 37. Kb1 Rfb2+ 38. Kc1 Rf2 $11) 36...
Rf8 37. Rxf8+ Kxf8 38. Rc4 h5 39. Kb1 Ra3 40. Kb2 Rxg3 41. a5 Rg6 {and the
most likely result here is draw.}) 29... Nd6 {Black had no other worthy
alternative.} 30. Rxf8+ Kxf8 31. Rxe5 Nc4 32. Rc5 Rb4 33. Be2 {+/-/+-}) 28...
Nf7 $1 29. Rcc7 $6 {I continue with my misguided strategy.} (29. Bd1 $1 Ng5
$140 (29... g6 30. Rd5 {/\Rc2 +/-}) 30. Rc2 Rb4 31. Re7 $1 (31. Ra7 $2 Rd4 $1
32. Rcc7 g6 33. Be2 Rd2 $132) 31... Rxe4 32. Rc5 $16) 29... g6 30. Ra7 $6 {
I missed the last practical chance to win this game.} (30. Rc5 $2 Ng5 31. Rd3
$140 Rxf2+ $1 32. Kxf2 Nxe4+ 33. Ke3 Nxc5 34. Rd5 Nxa4 35. Rxa5 Nb6 $17) (30.
Rd5 $6 Ng5 31. Rc3 Rxf2+ 32. Kxf2 Nxe4+ 33. Ke3 Nxc3 34. Rxa5 $11) (30. Bd1 $1
Ng5 $140 31. Rc2 Rb4 32. Rd5 Rxa4 (32... Nxe4 $143 33. Rxa5 $16) 33. Rxe5 Nf7 (
33... Nxe4 $2 34. Re2 Nxg3 35. fxg3 $18) 34. Re7 Ng5 35. e5 {+/=/+/-}) 30...
Ng5 31. Rd3 Rb4 $1 {This continuation is much better, than:} (31... Rb6 $6 {
/\Rbf6} 32. Be2 $1 Nxe4 $140 33. Rf3 $14 {[%csl Ra5,Yf3][%cal Ga7a5]}) 32. Rxa5
Nxf3 33. Rxf3 Rxe4 {At this point, my opponent offered me a draw, and was very
surprised to find that I declined. The thing is, that Black still has to be
precise to get a draw here.} 34. Ra7 (34. Re3 Rd4 {[%csl Ra4,Rf2][%cal Gd4d2]}
35. Rexe5 Rd2 36. Kh3 Rdxf2 37. Re7 R8f7 $11) 34... Rxf3 35. Kxf3 Rb4 36. a5
Ra4 37. a6 h5 $1 {Black's idea is to create a passed pawn on the kingside: g5,
h4.} 38. Ke3 Kh8 39. Kd3 g5 {/\h4-h3 o^} 40. Re7 {Otherwise, White doesn't
even appear to better.} Rxa6 41. Rxe5 Rg6 $11 (41... Rh6 $5 42. Rxg5 h4 43.
gxh4 (43. g4 $4 h3 $19 {[%csl Gh3][%cal Gh3h2,Gh2h1]}) 43... Rxh4 44. Ke3 Rh7
45. f4 Rg7 $11) 42. Ke4 Kg7 43. Kf5 Rf6+ {The most simple decision. The rest
is only for the protocol.} 44. Kxg5 Rxf2 45. Kxh5 Rf6 46. Re7+ Kg8 47. g4 Ra6
48. Rb7 Rc6 49. g5 Ra6 50. g6 Ra1 51. Rb4 Kg7 52. Rb7+ Kg8 1/2-1/2

[Event "Lido Estensi op 4th"]
[Site "Lido Estensi"]
[Date "2003.06.11"]
[Round "5"]
[White "Golod, Vitali"]
[Black "Tomescu, Vlad"]
[Result "0-1"]
[WhiteElo "2538"]
[BlackElo "2412"]
[Annotator "Golod,V"]
[PlyCount "86"]
[EventDate "2003.06.06"]
[EventType "swiss"]
[EventRounds "9"]
[EventCountry "ITA"]
[SourceTitle "CBM 096"]
[Source "ChessBase"]
[SourceDate "2003.09.25"]
[SourceVersion "1"]
[SourceVersionDate "2003.09.25"]
[SourceQuality "1"]

1. d4 Nf6 2. c4 Nc6 3. Nf3 (3. Nc3 $5 {You can see comments to Kalantarian,
N-Hagesaether,H/Linares,2000/CBM 75(0-1)(Blatny,P)(31)}) ({I can not
recommended in this position:} 3. d5) 3... e6 4. g3 Bb4+ 5. Bd2 Qe7 6. Bg2 ({
More popular is:} 6. Nc3) 6... Bxd2+ 7. Nbxd2 d6 8. e4 O-O 9. O-O e5 10. d5 Nb8
11. Ne1 a5 {Novelty,from the point of view of my games.Before with me played:}
(11... Bg4 $6 {You can see my comments to game: Golod,V-Loginov,V/Beer-Sheva,
1998/CBM 64(1-0)(31)}) 12. Nd3 Na6 13. f4 $5 {[%csl Ge4,Re5,Gf4] In my opinion,
this move is much better,than:} (13. a3 {See comments to Bates,R-Burnett,R/
London,1998/CBM 66(1-0)(Tisdall)(39)}) 13... Nd7 (13... exf4 $6 14. gxf4 {
[%cal Ge4e5]} Bg4 15. Qe1 $14) ({Also it was checked up in previous games:} 
13... Bd7 {13...c6; 13...Nb4; 13...Ng4; 13...Bg4?! and 13...Nc5.}) 14. f5 $14 {
()} Nac5 $5 ({On:} 14... f6 {you can find six games}) ({and on:} 14... c6 {
you can find five games in Mega Database 2003.}) ({Also deserves attention:} 
14... Ndc5 $5) 15. Nf2 $1 $146 {White has a big advantage in space,therefore
does not have sense to exchange the knights:} (15. Qe2 Nxd3 16. Qxd3 Nc5 17.
Qe3 f6 18. Rf2 Bd7 19. Bf1 c6 $11 {Lobzhanidze,D-Supatashvili,K/Cherkessk,1997
(1-0)(38)}) 15... c6 16. b3 cxd5 17. exd5 $5 {I rather long chose between it
and another continuation:} (17. cxd5 $5 b6 18. a3 Ba6 19. Re1 {[%cal Gb3b4]}
Rfc8 20. b4 Nd3 21. Nxd3 Bxd3 22. Qf3 Bc2 23. Qe3 $14) 17... g6 {The game of
Black corresponds to the requirements of a position.} ({Pretty dubiously:} 
17... Nf6 $6 {because of:} 18. g4 $1 {[%csl Yd2,Re4,Yf2][%cal Gg4g5,Yd2e4,
Yf2e4]} e4 $140 $2 (18... h6 19. a3 $14 {[%cal Gb3b4]}) 19. Nfxe4 $1 Ncxe4 20.
Nxe4 Nxe4 21. Re1 $16 {[%csl Re4,Re7]}) 18. Nfe4 ({Is a possible continuation
of the play:} 18. Ng4 $5 Nf6 19. Ne3 {[%csl Ye3][%cal Gg3g4,Gg4g5]}) 18... Nxe4
19. Nxe4 $14 Nf6 20. fxg6 ({White can hope only for the minimal advantage,
after:} 20. Qd2 {[%cal Gd2g5]} Kg7 (20... Bxf5 $4 21. Nxf6+ Qxf6 22. g4 {
[%csl Rf5,Rf6][%cal Gg4f5]}) (20... Nxe4 $6 21. Bxe4 {[%csl Rg6][%cal Gf5f6]}
Bxf5 22. Bxf5 gxf5 23. Rxf5 f6 24. Raf1 {+/=/+/-}) 21. g4 $1 {(an interesting
idea which was mentioned by Lexy Ortega,after the game).} (21. Qg5 $143 h6 {
[%cal Gc8f5]} 22. Qxf6+ Qxf6 23. Nxf6 Kxf6 24. fxg6+ Kxg6 $11) (21. c5 $143
Nxe4 22. Bxe4 gxf5 23. Bxf5 Bxf5 24. Rxf5 dxc5 25. d6 Qe6 $11) 21... Nxe4 (
21... gxf5 $4 22. Qg5+ {[%csl Rf6]}) 22. Bxe4 f6 $14) 20... fxg6 $8 {[%tqu
"En","Please enter the best move for White.","","","f1f6","Differently,Black
quietly will finish development and will receive a little worse position:",10,
"e4f6","",0,"c4c5","",0]} 21. Rxf6 $1 {Differently,Black quietly will finish a
development and will receive a little worse position:} (21. Nxf6+ $5 Rxf6 22.
Rxf6 Qxf6 23. Qd2 $14 {[%cal Ga1f1]}) ({or} 21. c5 Nxe4 22. Rxf8+ Qxf8 23. Bxe4
dxc5 24. d6 Be6 {[%csl Rd6][%cal Ga8d8]} 25. Qd3 Rd8 26. Rd1 $44) 21... Rxf6
$140 22. c5 $1 {[%mdl 512] I expected for this move,when I made 20.fxg6.} Rf8 {
After 30-minute meditation my contender make a best move.} (22... dxc5 $4 23.
d6 Qd8 24. Nxf6+ Qxf6 25. d7 $18) (22... Ra6 $2 23. Nxf6+ Qxf6 24. c6 $16) (
22... Bf5 $2 23. Nxf6+ Qxf6 24. c6 $16) 23. Nxd6 ({Leads to benefit of the
contender:} 23. cxd6 $2 Qd8 {[%csl Rd6,Ye4][%cal Gc8f5,Gf5e4,Ye4d6]}) 23... b6
$1 {[]} 24. Ne4 $138 (24. Nxc8 $4 {is refuted by:} Qxc5+ {[%csl Rg1][%cal
Ga8c8]}) (24. Nc4 $4 Qxc5+) 24... bxc5 25. d6 Qf7 26. Qd2 $2 {By this move I
lose all advantage.Now Black has,as a minimum,an equal position.} ({It was
necessary:} 26. Nxc5 $1 {[%csl Ra8][%cal Gd6d7]} Qf2+ 27. Kh1 Qxc5 (27... Ra7
$143 28. Qd5+ $1 {[%cal Gd6d7,Yd5c5]} (28. d7 $143 Qxc5 29. d8=Q Rxd8 30. Qxd8+
Kg7 $11) 28... Qf7 29. Qxe5 $16 {[%csl Rg8][%cal Gg2d5]}) 28. Bxa8 Be6 29. Rc1
Qd4 (29... Qe3 $5) 30. Qxd4 exd4 31. Be4 Rd8 32. Rc6 $14 d3 $140 $2 33. Rc3 {
[%csl Yc3][%cal Yc3d3]}) ({Leads to unclear position:} 26. Ng5 $6 Qf2+ 27. Kh1
Ra7 28. Qd5+ Kg7 29. Qxe5+ Kh6 $13 (29... Qf6 30. Qxf6+ Rxf6 31. Ne4 $44))
26... Bb7 27. Rf1 Qg7 28. d7 $2 $138 {I obviously have lost a "string of game".
} ({I still could keep a equality:} 28. Nxc5 $1 Bxg2 (28... Rxf1+ $2 29. Bxf1 {
[%csl Rb7][%cal Gd6d7,Yf1c4]}) 29. Kxg2 Rxf1 30. Qd5+ {[%csl Ra8]} Qf7 31.
Qxa8+ Kg7 32. Ne6+ $1 Kh6 33. Qe4 {[%csl Rf1,Rh6][%cal Ge4h4]} Rf2+ 34. Kg1 $11
) (28. Rd1 $5 {[%csl Yd1,Yd2]}) 28... Bxe4 29. Rxf8+ ({Hardly it was better:} 
29. Bxe4 Rxf1+ 30. Kxf1 Rf8+ 31. Kg1 Qf6 {[%csl Yf6,Yf8,Rg1]}) 29... Qxf8 $8 {
[%cal Yf8d8,Ya8d8]} 30. Bxe4 Rd8 31. Bd5+ $6 ({More stubborn resistance after:
} 31. Bc6 {[%csl Ra5][%cal Gd2a5] =/+/-/+}) 31... Kg7 32. Be6 $2 {It's already
decisive mistake.} (32. Bc6 $17 {[%csl Yc6][%cal Yc6d7]}) 32... Qf6 33. Bh3 e4
$19 {[%csl Rd2,Rg1][%cal Gf6d4]} 34. Qxa5 Qd4+ 35. Kg2 Rf8 {[%csl Rg2][%cal
Gd4b2]} 36. Qe1 e3 {[%cal Gd4d2,Yf8f2,Yf2d2]} 37. Kh1 Qd5+ 38. Kg1 (38. Bg2
$144 Qd2 (38... Qxd7 $143 39. Qxe3 Qd1+ 40. Qg1) 39. Qa1+ Kh6 $19 {[%cal Ge3e2]
}) 38... Qd2 39. Qa1+ Kh6 40. Bg4 e2 41. Bxe2 Qe3+ $1 42. Kh1 Qxe2 43. Qc1+ g5
{Despite the my mistakes the game was very interesting.} 0-1

[Event "Beersheba m"]
[Site "Beersheba"]
[Date "1995.??.??"]
[Round "2"]
[White "Greenfeld, Alon"]
[Black "Kortschnoj, Viktor Lvovich"]
[Result "1/2-1/2"]
[WhiteElo "2570"]
[BlackElo "2635"]
[Annotator "Greenfeld,A"]
[PlyCount "83"]
[EventDate "1995.??.??"]
[EventType "match"]
[EventRounds "6"]
[EventCountry "ISR"]
[SourceTitle "CBM 051"]
[Source "ChessBase"]
[SourceDate "1996.04.01"]
[SourceVersion "1"]
[SourceVersionDate "1996.04.01"]
[SourceQuality "1"]

1. d4 Nf6 2. c4 e6 3. Nf3 Bb4+ 4. Nbd2 d5 5. Qa4+ Nc6 6. a3 Bxd2+ 7. Bxd2 Ne4
8. Rd1 O-O 9. e3 Ne7 10. Bd3 b6 11. O-O Bb7 12. c5 $6 (12. cxd5 $142) (12. Bc1
$142 $1 $14 {/\b4,Bb2}) 12... a5 $1 $17 (12... bxc5 $2 13. dxc5 Nxc5 14. Bxh7+
$1 Kxh7 15. Qh4+ Kg8 16. Ng5 Re8 17. Qh7+ Kf8 18. Bb4 $18) 13. cxb6 cxb6 14.
Rc1 Nf5 15. Rc2 Nfd6 16. Rfc1 f6 17. Be1 Ba6 18. Bxa6 Rxa6 19. Rc6 Qa8 20. Qc2
b5 21. b3 Rxc6 22. Qxc6 Rc8 23. Qxa8 Rxa8 24. Nd2 Nxd2 25. Bxd2 Ra6 26. Kf1 h5
27. Ke2 a4 28. Bb4 axb3 29. Bxd6 Rxd6 30. Rb1 Rc6 31. Rxb3 Rc2+ 32. Kf1 Ra2 33.
h4 Kf7 34. Rxb5 Rxa3 35. Rb6 {I was a bit pressed for time. better was 35.Rb7
immediately.} g5 36. Rb7+ Kg6 37. Re7 Kf5 38. Rh7 Ra1+ 39. Ke2 Kg6 40. Re7 Ra6
41. Kf3 gxh4 42. Kf4 1/2-1/2

[Event "Durban op"]
[Site "Durban"]
[Date "2014.09.27"]
[Round "9"]
[White "Grover, Sahaj"]
[Black "Mareco, Sandro"]
[Result "1-0"]
[WhiteElo "2492"]
[BlackElo "2585"]
[Annotator "Grover,S"]
[PlyCount "49"]
[EventDate "2014.09.20"]
[EventType "swiss"]
[EventRounds "11"]
[EventCountry "RSA"]
[SourceTitle "CBM 164"]
[Source "ChessBase"]
[SourceDate "2015.01.15"]
[SourceVersion "1"]
[SourceVersionDate "2015.01.15"]
[SourceQuality "1"]

1. d4 Nf6 2. c4 e6 3. Nf3 {While the Nimzo f3 remains my first love, this was
the first time I had played 3.Nf3 as White. I had prepared a bit before the
game, although what he played came as a surprise to me.} Bb4+ {Mareco had
played the Bogo before, but quite rarely, I was expecting the Queen's Indian
or the QGD.} 4. Nbd2 (4. Bd2 {Another day perhaps, I was keen to figure out if
he was ready to go for complications.}) 4... O-O 5. a3 Be7 6. e4 d5 7. e5 Nfd7
8. Bd3 c5 9. h4 h6 $6 {To be honest, this move surprised me, as most 2500+'s
avoid this, because White gets a lot of attack on the kingside, I didn't
remember a thing about this line, all I could recall was a game of Ding Liren
3 years ago (mentioned below) in which White conducted an attack through
Bb1-Qc2, I was mainly following that idea.} (9... g6 {is what's usually played
these days.}) 10. Bb1 Re8 (10... Nc6 11. Qc2 f5 12. exf6 Nxf6 13. dxc5 Bxc5 14.
O-O Bd6 15. b4 Ne7 16. Bb2 Nf5 17. Qb3 Kh8 18. Bxf5 exf5 19. Rfe1 Ne4 20. Rad1
Be6 21. Qe3 Qe7 22. Qxh6+ Kg8 23. Bxg7 Rfe8 24. Nxe4 fxe4 25. Bb2 {1-0 (25)
Ding,L (2695)-Thavandiran,S (2301) Athens 2012}) 11. Qc2 Nf8 12. dxc5 a5 $5 {
And now I was completely on my own; until now I hadn't used much of my time,
here I spent about 20 mins and came up with a very interesting idea; although
not accurate, it would prove quite promising in the game} (12... Bxc5 13. cxd5
Qxd5 14. Ne4 $14) 13. Nf1 $5 (13. O-O) 13... Bxc5 (13... Nbd7 14. Bxh6 $1 gxh6
15. Rh3 f5 16. Rg3+ Kh7 (16... Kh8 17. Qd2) 17. cxd5 Nxe5 18. Nxe5 Qxd5 19. Qe2
$16) (13... Na6 14. Bxh6 $1 gxh6 15. Qd2 Nxc5 16. Qxh6) (13... Nc6 $1 {was
probably more recommended, as now Bxh6 looks quite tempting, but doesn't
deliver much.} 14. Ng3 {should just be advantaegeous for White} (14. Bxh6 gxh6
15. Rh3 f5 16. Qd2 Kh7 17. cxd5 exd5 18. Ne3 Nxe5 $1 19. Nxe5 Bxc5 20. f4 Bxe3
21. Rxe3 d4 22. Re2 Qxh4+ 23. Kf1 Be6 {with decent chances for both sides.}))
14. cxd5 Qxd5 15. Bxh6 $5 {A very interesting idea indeed, I didn't calculate
much here, though I had found that in the worst case there is a repetition,
which was fine by me.} gxh6 16. Qa4 {My previous move makes a lot more sense
now :)} Nfd7 $6 (16... Rd8 17. Qg4+ Kh8 18. Be4 Qb3 19. Ng3 Qxb2 20. O-O Bxf2+
21. Kh1 Bxg3 (21... Be3 22. Rae1 $18) 22. Ng5 $18) (16... Nc6 $1 17. Qg4+ Ng6
18. Bxg6 Nxe5 {transposes}) (16... Nbd7 $1 {is how he should've gone} 17. Qg4+
Ng6 $1 (17... Kh8 $6 18. Qf4 Kg7 19. Rh3 (19. Ng3 $5) 19... Ng6 20. Rg3 {
looks slightly dangerous}) 18. Bxg6 Nxe5 19. Bxf7+ Kxf7 20. Qf4+ Kg7 21. Nxe5
Bxf2+ $1 22. Qxf2 (22. Ke2 $5 Qb5+ (22... Rf8 23. Qg4+ {'='} Kf6 24. Qf4+ Kg7
25. Qg4+ $11) 23. Kd1 Rf8 24. Qg4+ $11 Kf6 25. Qf3+ Kg7 26. Qg4+ $11) 22...
Qxe5+ 23. Qe3 $11) (16... Bd7 $4 17. Qg4+ Kh8 18. Qf4 $1 $18) 17. Qf4 {Already
Black's position seems a bit shaky.} Kg7 (17... Kf8 {doesn't work because of}
18. Bg6 $3 (18. N1d2 Bd4 $1) 18... Re7 19. N1d2 Bd4 {isn't possible now
because of} 20. Qxh6+ Ke8 21. Rc1 $18) (17... Bf8 $2 18. Ne3 $18) (17... Nc6 $2
18. Qxh6 $18) 18. Rh3 $6 (18. Ng3 $1 {On second thoughts, much simpler and
effective.} Rg8 19. Be4 Qb3 20. Nh5+ Kf8 21. O-O $18) 18... Rh8 $2 {Seems the
most natural move, and the whole idea behind ...Kg7, but is unfortunately a
decisive blunder.} (18... Nc6 $1 {was a must} 19. Be4 Qb3 $1 (19... Qc4 20.
Rg3+ Kf8 21. Rd1 $1 Ke7 22. Rxd7+ $1 $18) 20. Rg3+ (20. Ng5 Bb4+ 21. axb4 Qxb4+
22. Nd2 hxg5 23. Qxg5+ Kf8 24. f4 Qxb2 25. Rb1 Qd4 26. Qh6+ Ke7 27. Qg5+ $11)
20... Kf8 21. Qxh6+ Ke7 22. Qg5+ Kf8 23. Qg7+ $11) 19. Be4 Qc4 20. Rc1 Qb5 21.
Ng5 $1 {My opponent probably missed this pretty move.} Bxf2+ (21... hxg5 22.
Qxg5+ Kf8 23. Qd8+ Kg7 24. Rg3+ Kh6 25. Qxh8#) (21... Rf8 22. Nxe6+ fxe6 23.
Rg3+ Kh8 24. Qxh6#) 22. Kxf2 Qxb2+ 23. Rc2 Qd4+ 24. Ke2 Nxe5 25. Rd3 1-0